Sports Quiz

Random Sports or MLB Quiz

MLB All-Stars (1990s) Quiz Stats

 Plays Quiz Updated Jul 12, 2019

Score 0/190 Timer 12:00
4 Plays Today
Year Player % Correct
1998 ALAlex Rodriguez
94%
1997 ALAlex Rodriguez
94%
1999 ALIvan Rodriguez
93.7%
1998 ALIvan Rodriguez
93.7%
1997 ALIvan Rodriguez
93.7%
1996 ALIvan Rodriguez
93.7%
1995 ALIvan Rodriguez
93.7%
1994 ALIvan Rodriguez
93.7%
1993 ALIvan Rodriguez
93.7%
1999 NLMark McGwire
89.6%
1998 NLMark McGwire
89.6%
1992 ALMark McGwire
89.6%
1990 ALMark McGwire
89.6%
1999 ALKen Griffey Jr.
89.2%
1998 ALKen Griffey Jr.
89.2%
1997 ALKen Griffey Jr.
89.2%
1994 ALKen Griffey Jr.
89.2%
1993 ALKen Griffey Jr.
89.2%
1992 ALKen Griffey Jr.
89.2%
1991 ALKen Griffey Jr.
89.2%
1990 ALKen Griffey Jr.
89.2%
1998 NLBarry Bonds
89.1%
1997 NLBarry Bonds
89.1%
1996 NLBarry Bonds
89.1%
1995 NLBarry Bonds
89.1%
1994 NLBarry Bonds
89.1%
1993 NLBarry Bonds
89.1%
1992 NLBarry Bonds
89.1%
1997 ALRandy Johnson
86.8%
1995 ALRandy Johnson
86.8%
1996 NLLance Johnson
86.3%
1999 ALCal Ripken Jr.
86.2%
1998 ALCal Ripken Jr.
86.2%
1997 ALCal Ripken Jr.
86.2%
1996 ALCal Ripken Jr.
86.2%
1995 ALCal Ripken Jr.
86.2%
1994 ALCal Ripken Jr.
86.2%
1993 ALCal Ripken Jr.
86.2%
1992 ALCal Ripken Jr.
86.2%
1991 ALCal Ripken Jr.
86.2%
1990 ALCal Ripken Jr.
86.2%
1999 ALPedro Martinez
84.7%
1997 ALEdgar Martinez
84.6%
1995 ALEdgar Martinez
84.6%
1997 ALTino Martinez
84.5%
1999 NLMike Piazza
83.3%
1998 NLMike Piazza
83.3%
1997 NLMike Piazza
83.3%
1996 NLMike Piazza
83.3%
1995 NLMike Piazza
83.3%
1994 NLMike Piazza
83.3%
1999 NLSammy Sosa
82.3%
1998 NLChipper Jones
79.7%
1996 NLChipper Jones
79.7%
1998 NLGreg Maddux
77.1%
1997 NLGreg Maddux
77.1%
1994 NLGreg Maddux
77.1%
1995 ALFrank Thomas
76.3%
1994 ALFrank Thomas
76.2%
1999 ALRoberto Alomar
76.1%
1998 ALRoberto Alomar
76.1%
1997 ALRoberto Alomar
76.1%
1996 ALRoberto Alomar
76.1%
1994 ALRoberto Alomar
76.1%
Year Player % Correct
1993 ALRoberto Alomar
76.1%
1992 ALRoberto Alomar
76.1%
1991 ALRoberto Alomar
76.1%
1992 ALSandy Alomar Jr.
75.9%
1991 ALSandy Alomar Jr.
75.9%
1990 ALSandy Alomar Jr.
75.9%
1999 NLMatt Williams
75.4%
1994 NLMatt Williams
75.4%
1994 NLOzzie Smith
74.4%
1992 NLOzzie Smith
74.4%
1991 NLOzzie Smith
74.4%
1990 NLOzzie Smith
74.4%
1992 NLTom Glavine
73.7%
1991 NLTom Glavine
73.7%
1999 NLJeff Bagwell
72.3%
1997 NLJeff Bagwell
72.3%
1990 ALJose Canseco
71.9%
1998 NLCraig Biggio
71%
1997 NLCraig Biggio
71%
1996 NLCraig Biggio
71%
1995 NLCraig Biggio
71%
1998 ALJuan Gonzalez
70.4%
1999 ALManny Ramirez
68.9%
1999 ALJim Thome
68.7%
1998 ALJim Thome
68.7%
1996 NLJohn Smoltz
68%
1999 NLBarry Larkin
67.9%
1996 NLBarry Larkin
67.9%
1995 NLBarry Larkin
67.9%
1993 NLBarry Larkin
67.9%
1999 NLLarry Walker
67.6%
1998 NLLarry Walker
67.6%
1997 NLLarry Walker
67.6%
1998 NLTony Gwynn
65.1%
1997 NLTony Gwynn
65.1%
1995 NLTony Gwynn
65.1%
1994 NLTony Gwynn
65.1%
1992 NLTony Gwynn
65.1%
1991 NLTony Gwynn
65.1%
1999 NLJay Bell
65.1%
1996 ALAlbert Belle
65%
1995 ALAlbert Belle
65%
1994 ALJoe Carter
64.8%
1993 ALJoe Carter
64.8%
1992 ALJoe Carter
64.8%
1999 ALNomar Garciaparra
61.4%
1995 ALKirby Puckett
60%
1994 ALKirby Puckett
60%
1993 ALKirby Puckett
60%
1992 ALKirby Puckett
60%
1996 ALWade Boggs
59.4%
1995 ALWade Boggs
59.4%
1994 ALWade Boggs
59.4%
1993 ALWade Boggs
59.4%
1992 ALWade Boggs
59.4%
1991 ALWade Boggs
59.4%
1990 ALWade Boggs
59.4%
1991 ALRickey Henderson
58.9%
1990 ALRickey Henderson
58.9%
1993 NLRyne Sandberg
58.7%
1992 NLRyne Sandberg
58.7%
1991 NLRyne Sandberg
58.7%
1990 NLRyne Sandberg
58.7%
1991 ALDave Henderson
58.6%
Year Player % Correct
1996 NLFred McGriff
58.1%
1995 NLFred McGriff
58.1%
1992 NLFred McGriff
58.1%
1999 ALRafael Palmeiro
57.7%
1996 ALMo Vaughn
56%
1999 NLCurt Schilling
55.3%
1991 NLBobby Bonilla
53.8%
1997 ALBrady Anderson
52.7%
1996 ALBrady Anderson
52.7%
1993 NLGary Sheffield
51.3%
1991 NLWill Clark
50.1%
1990 NLWill Clark
50.1%
1993 ALPaul Molitor
49.7%
1994 NLDavid Justice
49.6%
1993 NLDavid Justice
49.6%
1999 ALKenny Lofton
49.4%
1998 ALKenny Lofton
49.4%
1996 ALKenny Lofton
49.4%
1995 ALKenny Lofton
49.4%
1991 ALCecil Fielder
47.6%
1996 NLDante Bichette
46.4%
1991 NLAndre Dawson
43%
1990 NLAndre Dawson
43%
1997 ALPaul O'Neill
43%
1997 NLKen Caminiti
42.1%
1993 ALJohn Olerud
40.2%
1998 ALDavid Wells
39.8%
1993 NLJohn Kruk
38.4%
1993 NLMark Grace
37.6%
1995 NLVinny Castilla
37.4%
1992 NLTerry Pendleton
36.9%
1995 NLLenny Dykstra
36.7%
1990 NLLenny Dykstra
36.7%
1992 NLBenito Santiago
36.2%
1991 NLBenito Santiago
36.2%
1991 ALJack Morris
35.6%
1990 NLKevin Mitchell
35%
1992 ALKevin Brown
34.4%
1992 NLAndy Van Slyke
34.2%
1993 NLDarren Daulton
33.9%
1995 NLRon Gant
32.6%
1995 ALCarlos Baerga
29.9%
1991 NLChris Sabo
27.9%
1990 NLChris Sabo
27.9%
1993 NLMarquis Grissom
24.2%
1998 NLWalt Weiss
22.2%
1990 ALSteve Sax
22%
1994 ALJimmy Key
21.7%
1997 NLJeff Blauser
21.1%
1990 ALBob Welch
20.9%
1995 NLHideo Nomo
18.2%
1997 NLRay Lankford
16.6%
1996 ALCharles Nagy
13.4%
1991 ALDanny Tartabull
13.2%
1999 NLJeromy Burnitz
11.9%
1990 NLMike Scioscia
11.7%
1993 ALMark Langston
10.7%
1994 NLGregg Jefferies
10.3%
1994 NLMariano Duncan
9.9%
1990 NLJack Armstrong
9.1%
1993 NLTerry Mulholland
8%
1991 NLIvan Calderon
4.7%

You're not logged in!

Compare scores with friends on all Sporcle quizzes.
OR
Log In

Sporcle TV

Today on Sporcle TV


Watch our educational content, quiz creation guides, and fun videos on Sporcle TV.

Show Comments

Extras

Top Quizzes Today


Score Distribution

Your Account Isn't Verified!

In order to create a playlist on Sporcle, you need to verify the email address you used during registration. Go to your Sporcle Settings to finish the process.

Report this User

Report this user for behavior that violates our Community Guidelines.

Details: